02040nam a2200421Ia 4500003000500000005001700005008004100022020003000063040002300093082001800116100006700134110004400201111004200245245007900287260003200366300005700398490007100455504001800526520028600544521001000830600005800840610004400898630009300942648002001035650003701055651002501092654006801117655002001185658002501205662002001230690003801250700005201288710004401340711004201384942003901426999001901465952013401484322820260424090827.0210817s9999 xx 000 0 und d a9780582 264755qPaperback aRDAbENGLISHc3228 a398.2096 NIAN a NIANE, Djibril Tamsir Harlow, 1994 979539d1994.eAuthor. 9186154aMaskew Miller Longman (Pty) Ltd 9178758aBible Society of South Africa 0aSundiata: b an epic of old Malic D.T. Niane; translated by G.D. Pickett. aHarlow: b Longman, c1994. a viii, 101 pagesbColour illustrations, map c19 cm. a Longman African writers Longman African writers.v9780582 264755 aNot included. aRetold by generations of griots - the guardians of African culture - this oral tradition has been handed down from the thirteenth century and captures all the mystery and majesty of medieval African kingship. It is an epic - part history, part legend - and a great adventure story. aAdult 0979539a NIANE, Djibril Tamsir Harlow, 1994 d1994. 09186154aMaskew Miller Longman (Pty) Ltd 09171739aAfrican language literature seriest Soundjata, ou l'epopée mandingue. English 09185762aKabbala 09184404aSouth African literature 09191368aSouth Africa 9191429aTales—Africa, Southern; Folklore; Juvenile Literature 09138377aHistory 9138251a Fairy tales 9116604aEngland 9131045aAdventure and adventurers 9107270a NIANE, Djibril Tamsir d1994.eAuthor 9186154aMaskew Miller Longman (Pty) Ltd 9178758aBible Society of South Africa cJOURNAL 2ddcy559zNosiswe Mogale c405482d405481 00102ddc40708300aMKHULbMKHULcNon_Fictiond2026-04-24l0o398.2096 NIANp33228 02287661 7r2026-04-24w2026-04-24yJOURNAL